| 000 | 00808cam a2200253 a 4500 | ||
|---|---|---|---|
| 001 | 2406649 | ||
| 005 | 20241028175636.0 | ||
| 008 | 861208s1987 paua b 001 0 eng c | ||
| 020 | _a0397507178 | ||
| 050 | 1 | 0 |
_aRC46 _b.G56 1987 |
| 082 | 0 | 0 |
_a616 _219 |
| 100 | 1 | _aGoroll, Allan H. | |
| 245 | 1 | 0 |
_aPrimary care medicine : _boffice evaluation and management of the adult patient / _cAllan H. Goroll, Lawrence A. May, Albert G. Mulley, Jr. ; with 56 contributors. |
| 250 | _a2nd ed. | ||
| 260 |
_aPhiladelphia : _bLippincott, _cc1987. |
||
| 300 |
_axxi, 1001 p. : _bill. ; _c27 cm. |
||
| 500 | _aINCLUDES INDEX | ||
| 650 | 0 | _aPrimary care (Medicine) | |
| 650 | 2 | _aPhysicians, Family. | |
| 650 | 2 | _aPrimary Health Care. | |
| 700 | 1 | _aMay, Lawrence A. | |
| 700 | 1 | _aMulley, Albert G. | |
| 942 |
_2lcc _cBK _n0 |
||
| 999 |
_c314 _d314 |
||